Type All US States Backwards: With a Map - Statistics

General Stats
  • This quiz has been taken 187 times
    171 since last reset
  • The average score is 25 of 50
Answers on the Map
Answers color-coded by a green-red scale on the quiz's map according to % correct below.
 
Answer Stats
Backwards State % Correct
saxet
88%
ohadi
73%
oiho
73%
adaven
71%
adirolf
71%
aksala
71%
iiawah
71%
awoi
68%
eniam
68%
hatu
68%
nogero
68%
sasnak
68%
ainrofilac
65%
anatnom
65%
notgnihsaw
63%
kroy wen
62%
anozira
61%
odaroloc
61%
amabala
58%
gnimoyw
58%
ocixem wen
56%
nagihcim
55%
tnomrev
53%
sasnakra
52%
aigroeg
49%
amohalko
49%
sionilli
48%
nisnocsiw
46%
anaidni
45%
ykcutnek
45%
atosennim
43%
eessennet
43%
erawaled
43%
ippississim
43%
aksarben
42%
dnalyram
41%
atokad htron
39%
ainigriv
38%
yesrej wen
38%
anaisiuol
37%
atokad htuos
37%
iruossim
36%
anilorac htuos
30%
anilorac htron
28%
erihspmah wen
28%
dnalsi edohr
26%
tucitcennoc
26%
ainigriv tsew
24%
ainavlysnnep
22%
sttesuhcassam
21%
No matching quizzes found
Score Distribution
Percent of People with Each Score
Percentile by Number Answered
Your Score History
You have not taken this quiz since the last reset